000 01061cam a2200277 a 4500
001 4346806
003 AMDFNDHEU
005 20220326193253.0
008 890912s1990 nyua b 001 0 eng
010 _a 89051583
020 _a0500235708 :
_c$24.95
040 _aDLC
_cDLC
_dDLC
050 0 0 _aNK1390
_b.D67 1990
082 0 0 _a729
_bD712a
100 1 _aDormer, Peter.
_9797
245 1 4 _aThe meanings of modern design :
_btowards the twenty-first century /
_cPeter Dormer.
260 _aNew York, N.Y. :
_bThames and Hudson,
_c1990.
300 _a192 p. :
_bill. ;
_c24 cm.
504 _aIncludes bibliographical references (p. 184-187) and index.
650 0 _aDesign
_xHistory
_y20th century
_xEconomic aspects.
_9798
650 0 _aDiseño-historia aspectos economicos
_xdiseño industrial
_yS. XX
_9799
650 0 _aIndustrial design
_xHistory
_y20th century
_xEconomic aspects.
_9800
700 _aPeter Dormer
_9801
906 _a7
_bcbc
_corignew
_d2
_eocip
_f19
_gy-gencatlg
999 _c165
_d165